000 00678nam a2200289Ia 4500
005 20260324133407.0
008 008 260324s9999 xx 000 0 eng d
020 _a9781315258836
037 _aEBOOK
040 _aCRL
040 _beng
040 _cCRL
041 _2eng
041 _aeng
084 _qCRL
100 _aDean Tjosvold; Kwok Leung
_91192931
245 0 _aCross-Cultural Management
245 0 _bFoundations and Future
260 _bTaylor and Francis
260 _c2003
365 _a
365 _b255
856 _uhttp://www.taylorfrancis.com/books/9781315258836
942 _cEBOOK
999 _c1791913
_d1791913